| 000 | 00755nam a22001337a 4500 | ||
|---|---|---|---|
| 040 | _cRUA | ||
| 082 | _aAGR BB RIT 2010 B061 Or.1 | ||
| 100 | _aRITH THEDA | ||
| 245 | _aComparison different fertilizers on variety senpidor in dry season in sangker district, battambang province, (ប្រៀបធៀបប្រភេទជីផ្សេងៗគ្នាលើពូជស្រូវសែនពិដោរ ក្នុងលក្ខខណ្ឌរដូវប្រាំង នៅស្រុកសង្កែ ខេត្តបាត់ដំបង) | ||
| 260 |
_aphnom penh _bRUA _c2010 |
||
| 300 |
_axiii, 85p. _bill. _c29cm. |
||
| 856 | _uhttps://drive.google.com/file/d/1_fcGwaL49DDmIe7wp9H5sSmrGY9JTaJR/view?usp=sharing | ||
| 942 | _cAGRBB | ||
| 999 |
_c1472 _d1472 |
||